000 00469nam a2200193Ia 4500
005 20250114110647.0
008 131103s9999 xx 000 0 und d
040 _aLoreto College
041 _aEnglish
082 _a900
_bRAJ
100 _aRajiv, Rajendra Kumar
245 _aWars and battles
_cRajendra Kumar Rajiv
250 _a11th ed
260 _aDelhi
_bFamily books
_c1998
300 _a152p
650 _aWorld history
850 _aLCBED
942 _cBK
999 _c28925
_d79404